Online Catalogue and eLibrary

Visivana shatha varshaye merata andukramaya : (Record no. 2325)

MARC details
000 -LEADER
fixed length control field 00455nam a2200157Ia 4500
005 - DATE AND TIME OF LATEST TRANSACTION
control field 20250612025401.0
008 - FIXED-LENGTH DATA ELEMENTS--GENERAL INFORMATION
fixed length control field 240331s9999 xx 000 0 und d
020 ## - INTERNATIONAL STANDARD BOOK NUMBER
ISBN 9552107148
082 ## - DDC Classification
Item Number - Author Mark RAN
Class No. 320
100 ## - MAIN ENTRY--PERSONAL NAME
Personal name Ranaweera, N
245 #0 - TITLE STATEMENT
Title Visivana shatha varshaye merata andukramaya :
Remainder of title 1900-1994
260 ## - PUBLICATION, DISTRIBUTION, ETC.
Place of publication, distribution, etc. Colombo
Name of publisher, distributor, etc. Gunasena Books
Date of publication, distribution, etc. 1995
300 ## - PHYSICAL DESCRIPTION
Extent (e.g. Volumes, Pages etc.) 160 p ., ( c 2)
500 ## - GENERAL NOTE
General note The Constitution of this country in twentieth century
942 ## - Koha item type (Biblio)
Koha item type Books in Stacks (Lending)
Holdings
Lost status Damaged status Collection code Home library Current library Shelving location Date acquired Full call number Accession Number Item type
    Lending WERC Library WERC Library Social Science Cupboard 03/31/2024 320.9 RAN 2445 Books in Stacks (Lending)

© WERC Library